00815nam a22002177a 4500001000500000005001700005020001800022040002900040082000800069100001500077245019700092260006100289300002200350505000700372520014300379521002600522521001700548650001000565650001200575650001000587217520231113085118.0 a9789814235211 aFISKHbengcFISKHdFISKH a516 aTan, Janet aMy mini maths book : measures and graphs /cStimulates learning ability in Mathematics Improves observation and analytical skills aids application of mathematics in daily life Janet tan B.B.A. aSingapore :bEducational Publishing House Pte Ltd,c2007 a53 pages :c24 cm aK  aStimulates learning ability in Mathematics, Improves observation and analytical skills, and aids application of mathematics in daily life. a500 bLexile estimate aK bRaz-Plus aMaths ameasure aGraph